00305nam a2200133Ia 4500008004100000041000800041082001600049100001500065245002600080260002600106300000800132365001600140700001500156230718s9999 xx 000 0 und d aeng a005.27bCRA aCraig C.J. aVisual Basic Workshop c1993bMicrosoft Press a485 cRs.b960.00 aCraig C.J.